[Event "MNT-ch (Women)"]
[Site "Podgorica"]
[Date "2021.10.23"]
[Round "4"]
[White "Bojovic, Neda"]
[Black "Popovic, Mateja"]
[Result "1/2-1/2"]
[WhiteElo "1398"]
[BlackElo "1723"]
[PlyCount "58"]
[EventDate "2021.10.21"]
[EventType "tourn"]
[EventRounds "7"]
[EventCountry "MNE"]
[SourceTitle "EXT 2023"]
[Source "ChessBase"]
[SourceDate "2022.10.05"]
[SourceVersion "1"]
[SourceVersionDate "2022.10.05"]
[SourceQuality "1"]

1. d4 d5 2. c4 e6 3. Nc3 Nf6 4. Bg5 Be7 5. e3 0-0 6. Nf3 h6 7. Bh4 Nbd7 8. Qc2 dxc4 9. Bxc4 c5 10. Rd1 a6 11. a4 Qc7 12. 0-0 cxd4 13. Rxd4 e5 14. Ne4 Kh8 15. Rdd1 Nb6 16. Ned2 Bd7 17. b3 Rac8 18. Qb2 Nxc4 19. Nxc4 e4 20. Bg3 Qc5 21. Nd4 Bxa4 22. bxa4 Qxc4 23. Qxb7 Bc5 24. Be5 Nd5 25. Ne6 Nxe3 26. Bxg7+ Kg8 27. Bxf8 Nxd1 28. Nxc5 Rxf8 29. Rxd1 Qxc5 1/2-1/2

[Event "Balkan-ch U18 Girls"]
[Site "Tornelo INT"]
[Date "2020.11.01"]
[Round "7"]
[White "Bojovic, Neda"]
[Black "Eftovska, Lea"]
[Result "1/2-1/2"]
[WhiteElo "1202"]
[BlackElo "1392"]
[PlyCount "102"]
[EventDate "2020.10.31"]
[EventType "swiss"]
[EventRounds "7"]
[EventCountry "NET"]
[SourceTitle "EXT 2023"]
[Source "ChessBase"]
[SourceDate "2022.10.05"]
[SourceVersion "1"]
[SourceVersionDate "2022.10.05"]
[SourceQuality "1"]

1. d4 Nf6 2. c4 g6 3. Nc3 d6 4. e4 Bg7 5. f3 0-0 6. Bg5 h6 7. Be3 e5 8. d5 Nbd7 9. Nge2 a5 10. a4 Nc5 11. Ng3 Nfd7 12. Ra3 f5 13. Bc1 f4 14. Nge2 Qh4+ 15. g3 fxg3 16. Nxg3 Nf6 17. Nce2 Nh5 18. Kd2 Nxg3 19. Nxg3 Bd7 20. Be2 h5 21. Kc3 Qe7 22. Be3 h4 23. Nf1 c6 24. Rg1 Kh7 25. Bxc5 dxc5 26. Ne3 Rad8 27. Kc2 Bh6 28. Ng4 Bxg4 29. Rxg4 cxd5 30. exd5 Rf4 31. Rg2 Rd4 32. Bd3 Rg8 33. Qg1 Qf6 34. Be4 b6 35. Rc3 Bf4 36. Rg4 Rd2+ 37. Kb1 Rxh2 38. d6 Bg3 39. d7 Qd8 40. Rd3 Kh6 41. Rd6 Re2 42. Ka2 Qe7 43. Qd1 Bf4 44. Rdxg6+ Rxg6 45. Rxg6+ Kh5 46. Qxe2 Qxd7 47. Qg2 Qxa4+ 48. Kb1 Qd1+ 49. Ka2 Qa4+ 50. Kb1 Qd1+ 51. Ka2 Qa4+ 1/2-1/2

[Event "Balkan-ch U18 Girls"]
[Site "Tornelo INT"]
[Date "2020.10.31"]
[Round "3"]
[White "Zeycan, Alara"]
[Black "Bojovic, Neda"]
[Result "0-1"]
[WhiteElo "1230"]
[BlackElo "1202"]
[PlyCount "106"]
[EventDate "2020.10.31"]
[EventType "swiss"]
[EventRounds "7"]
[EventCountry "NET"]
[SourceTitle "EXT 2023"]
[Source "ChessBase"]
[SourceDate "2022.10.05"]
[SourceVersion "1"]
[SourceVersionDate "2022.10.05"]
[SourceQuality "1"]

1. d4 d5 2. e3 e6 3. Bd3 Nf6 4. Nd2 c5 5. c3 Nc6 6. f4 Bd6 7. Ndf3 0-0 8. Ne5 Qc7 9. Ngf3 h6 10. 0-0 cxd4 11. exd4 Qb6 12. Nxc6 bxc6 13. Ne5 Ba6 14. Be3 Bb5 15. b4 Rab8 16. a4 Bxd3 17. Qxd3 Qc7 18. Rab1 Ne4 19. Rf3 a5 20. bxa5 Rxb1+ 21. Qxb1 Qxa5 22. Nxc6 Qxa4 23. Ne5 Rb8 24. Qe1 Qc2 25. Rf1 Rb2 26. Bf2 Nxc3 27. h3 Bb4 28. Qe3 Qe2 29. Nd3 Qxe3 30. Bxe3 Re2 31. Bc1 Be7 32. Rf2 Re4 33. Kf1 Rxd4 34. Rd2 Ne4 35. Rd1 Bh4 36. Bb2 Ng3+ 37. Kf2 Re4 38. Kf3 Nf5 39. Bc1 h5 40. g3 Bxg3 41. Rg1 Bh4 42. Nc5 Nd4+ 43. Kg2 Re2+ 44. Kf1 Rf2+ 45. Ke1 Rc2+ 46. Kd1 Rxc5 47. Be3 Rc4 48. Rf1 Nf5 49. Bc1 Ra4 50. Kc2 Bf6 51. Kb3 Ra1 52. Re1 Nd4+ 53. Kc3 Nf3+ 0-1

[Event "MNT-chT"]
[Site "Podgorica"]
[Date "2020.10.12"]
[Round "6.3"]
[White "Bojovic, Neda"]
[Black "Asanin, Radomir"]
[Result "0-1"]
[WhiteElo "1316"]
[BlackElo "1923"]
[PlyCount "78"]
[EventDate "2020.10.09"]
[EventType "team-tourn"]
[EventRounds "9"]
[EventCountry "MNE"]
[SourceTitle "CBM 198 Extra"]
[Source "ChessBase"]
[SourceDate "2020.11.30"]
[SourceVersion "1"]
[SourceVersionDate "2020.11.30"]
[SourceQuality "1"]
[WhiteTeam "Rudar"]
[BlackTeam "7. Oktobar"]
[WhiteTeamCountry "MNE"]
[BlackTeamCountry "MNE"]

1. d4 g6 2. c4 d6 3. Nc3 Bg7 4. e4 Nf6 5. f3 c6 6. Nge2 Nbd7 7. Ng3 a6 8. a4 c5 9. d5 0-0 10. Bg5 h6 11. Be3 Ne5 12. Be2 h5 13. Bg5 Nh7 14. Bf4 Qa5 15. Qb3 Rb8 16. 0-0 Qc7 17. Qc2 Bd7 18. Rab1 b5 19. axb5 axb5 20. cxb5 c4 21. Rfc1 Rfc8 22. Qd2 h4 23. Nh1 h3 24. g3 f5 25. Nf2 Bf6 26. Be3 fxe4 27. fxe4 Rf8 28. b6 Rxb6 29. Bxb6 Qxb6 30. Rf1 Bg5 31. Qc2 Be3 32. Ncd1 Bd4 33. Qd2 Nf6 34. Qc2 Nfg4 35. Bxg4 Bxg4 36. Nc3 Nd3 37. Ncd1 Bxd1 38. Rbxd1 Bxf2+ 39. Kh1 Qe3 0-1

[Event "MNT-chT"]
[Site "Podgorica"]
[Date "2020.10.10"]
[Round "2.1"]
[White "Bojovic, Neda"]
[Black "Mostrokol, Matija"]
[Result "1-0"]
[WhiteElo "1316"]
[BlackElo "1390"]
[PlyCount "67"]
[EventDate "2020.10.09"]
[EventType "team-tourn"]
[EventRounds "9"]
[EventCountry "MNE"]
[SourceTitle "CBM 198 Extra"]
[Source "ChessBase"]
[SourceDate "2020.11.30"]
[SourceVersion "1"]
[SourceVersionDate "2020.11.30"]
[SourceQuality "1"]
[WhiteTeam "Rudar"]
[BlackTeam "Cetinje"]
[WhiteTeamCountry "MNE"]
[BlackTeamCountry "MNE"]

1. d4 d5 2. c4 e6 3. Nc3 Nf6 4. Bg5 Be7 5. e3 Nbd7 6. Nf3 h6 7. Bh4 b6 8. Rc1 Ne4 9. Bxe7 Qxe7 10. cxd5 Nxc3 11. Rxc3 exd5 12. Rxc7 0-0 13. Bd3 Qd6 14. Rc3 Nf6 15. h3 Be6 16. 0-0 Rfc8 17. Rxc8+ Rxc8 18. Qa4 a5 19. Ne5 Nd7 20. Nf3 Nb8 21. Re1 Nc6 22. Rc1 Nb4 23. Rxc8+ Bxc8 24. Bb1 Bd7 25. Qd1 f6 26. a3 Nc6 27. Qc2 f5 28. g4 fxg4 29. hxg4 Bxg4 30. Qh7+ Kf7 31. Nh4 Bh5 32. Qf5+ Kg8 33. Qxh5 Ne7 34. Qe8# 1-0

[Event "EU-ch Online U18 Girls"]
[Site "Tornelo INT"]
[Date "2020.09.20"]
[Round "8"]
[White "Bojovic, Neda"]
[Black "Nilsson, Kajsa"]
[Result "0-1"]
[WhiteElo "1316"]
[BlackElo "1699"]
[PlyCount "92"]
[EventDate "2020.09.18"]
[EventType "swiss (rapid)"]
[EventRounds "9"]
[EventCountry "ENG"]
[SourceTitle "CBM 198 Extra"]
[Source "ChessBase"]
[SourceDate "2020.11.30"]
[SourceVersion "1"]
[SourceVersionDate "2020.11.30"]
[SourceQuality "1"]

1. d4 Nf6 2. c4 e6 3. Nc3 d5 4. Bg5 Be7 5. e3 h6 6. Bh4 0-0 7. Nf3 Nbd7 8. Rc1 c6 9. cxd5 Nxd5 10. Bxe7 Qxe7 11. a3 Nxc3 12. Rxc3 Rd8 13. Bd3 Kh8 14. 0-0 e5 15. Qc2 exd4 16. Nxd4 Ne5 17. Bf5 Bxf5 18. Nxf5 Qf6 19. Rb3 Rd7 20. Nd4 Rad8 21. h3 b6 22. Rc3 c5 23. Nb3 Qe6 24. Re1 f5 25. Qe2 Ng6 26. Qf3 Ne5 27. Qe2 Rd6 28. Kh2 Qg6 29. Rf1 Qf6 30. Rc2 Qh4 31. Nc1 Ng4+ 32. Kh1 Ne5 33. Kg1 Qf6 34. Kh1 f4 35. exf4 Qxf4 36. Re1 Nc6 37. Qe3 Qf6 38. Rce2 Nd4 39. Rd2 Nf5 40. Rxd6 Nxd6 41. Qe2 Nf5 42. Qf3 Rf8 43. Qd3 Nd4 44. Nb3 Qxf2 45. Qd2 Nxb3 46. Qd1 Nd4 0-1

[Event "EU-ch Online U18 Girls"]
[Site "Tornelo INT"]
[Date "2020.09.19"]
[Round "4"]
[White "Bojovic, Neda"]
[Black "Jacobsen, Birgitte Brunsgaard"]
[Result "0-1"]
[WhiteElo "1316"]
[BlackElo "1533"]
[PlyCount "68"]
[EventDate "2020.09.18"]
[EventType "swiss (rapid)"]
[EventRounds "9"]
[EventCountry "ENG"]
[SourceTitle "CBM 198 Extra"]
[Source "ChessBase"]
[SourceDate "2020.11.30"]
[SourceVersion "1"]
[SourceVersionDate "2020.11.30"]
[SourceQuality "1"]

1. d4 d5 2. c4 Nf6 3. Nc3 Bf5 4. Nf3 e6 5. Bf4 Nbd7 6. e3 c6 7. cxd5 exd5 8. Bd3 Ne4 9. 0-0 Be7 10. Qc2 Ndf6 11. Nd2 Nxd2 12. Qxd2 Bxd3 13. Qxd3 0-0 14. h3 Re8 15. Rab1 Qa5 16. a3 b5 17. Na2 Ne4 18. b4 Qb6 19. Rfc1 Rac8 20. Rc2 Bd6 21. Bxd6 Nxd6 22. Nc1 Nc4 23. Ra2 a6 24. Nb3 Qd8 25. a4 Qg5 26. axb5 axb5 27. Nd2 Nxd2 28. Qxd2 h5 29. Rc1 Qg6 30. Rac2 h4 31. Rc3 Qd6 32. Qc2 Re6 33. Kh1 Qxb4 34. Rb3 Qf8 0-1

[Event "MNT-ch (Women)"]
[Site "Podgorica"]
[Date "2020.03.08"]
[Round "6"]
[White "Popovic, Mateja"]
[Black "Bojovic, Neda"]
[Result "0-1"]
[WhiteElo "1550"]
[BlackElo "1324"]
[PlyCount "62"]
[EventDate "2020.03.05"]
[EventType "swiss"]
[EventRounds "7"]
[EventCountry "MNE"]
[SourceTitle "CBM 195 Extra"]
[Source "ChessBase"]
[SourceDate "2020.05.31"]
[SourceVersion "1"]
[SourceVersionDate "2020.05.31"]
[SourceQuality "1"]

1. d4 Nf6 2. Nf3 e6 3. Bg5 c5 4. c3 b6 5. Nbd2 Bb7 6. e4 Be7 7. Bd3 cxd4 8. cxd4 0-0 9. Qc2 h6 10. Bh4 d6 11. 0-0 Nbd7 12. Rac1 Rb8 13. Qc7 Re8 14. Bb5 a6 15. Bxd7 Nxd7 16. Bg3 Nf6 17. e5 Nd5 18. Qxd8 Rbxd8 19. Nc4 dxe5 20. dxe5 b5 21. Nd6 Bxd6 22. exd6 Nf6 23. Rc7 Bd5 24. Rd1 Ne4 25. d7 Re7 26. Ne5 f6 27. Rc8 Rexd7 28. Nxd7 Rxc8 29. Nb6 Rc2 30. Nxd5 exd5 31. f3 Nxg3 0-1

[Event "MNT-ch (Women)"]
[Site "Podgorica"]
[Date "2020.03.06"]
[Round "2"]
[White "Vuckovic, Iva"]
[Black "Bojovic, Neda"]
[Result "0-1"]
[WhiteElo "1205"]
[BlackElo "1324"]
[PlyCount "44"]
[EventDate "2020.03.05"]
[EventType "swiss"]
[EventRounds "7"]
[EventCountry "MNE"]
[SourceTitle "CBM 195 Extra"]
[Source "ChessBase"]
[SourceDate "2020.05.31"]
[SourceVersion "1"]
[SourceVersionDate "2020.05.31"]
[SourceQuality "1"]

1. c4 e6 2. Nc3 Nf6 3. g3 d5 4. cxd5 exd5 5. d4 c6 6. e3 Nbd7 7. Nf3 Bd6 8. Bg2 0-0 9. 0-0 Re8 10. Bd2 Nf8 11. Qc2 Ng6 12. Rac1 Bd7 13. a3 Rc8 14. b4 h6 15. Rfe1 Qe7 16. Bf1 Ne4 17. Bd3 Bg4 18. Kg2 Bxf3+ 19. Kxf3 Qf6+ 20. Ke2 Qxf2+ 21. Kd1 Qf3+ 22. Be2 Nf2# 0-1

[Event "EU-ch U16 Girls"]
[Site "Bratislava"]
[Date "2019.08.08"]
[Round "7"]
[White "Bojovic, Neda"]
[Black "Lazarova, Jovana"]
[Result "1-0"]
[WhiteElo "1318"]
[BlackElo "1108"]
[PlyCount "49"]
[EventDate "2019.08.02"]
[EventType "swiss"]
[EventRounds "9"]
[EventCountry "SVK"]
[SourceTitle "CBM 191 Extra"]
[Source "ChessBase"]
[SourceDate "2019.09.30"]
[SourceVersion "1"]
[SourceVersionDate "2019.09.30"]
[SourceQuality "1"]

1. d4 Nf6 2. c4 e6 3. Nc3 Bb4 4. Qc2 d5 5. cxd5 exd5 6. a3 Be7 7. Nf3 Nbd7 8. Bf4 c5 9. dxc5 Bxc5 10. Rd1 Qb6 11. e3 Qe6 12. Nb5 0-0 13. Bd3 b6 14. 0-0 Bb7 15. Nc7 Qg4 16. Be2 Qg6 17. Qxg6 hxg6 18. Nxa8 Bxa8 19. Bb5 Rd8 20. Rc1 Nh5 21. Bg3 Nxg3 22. hxg3 Nf6 23. Rc2 Ne4 24. Rfc1 Nxg3 25. b4 1-0

[Event "MNT-ch U20 Girls"]
[Site "Pljevlja"]
[Date "2019.07.03"]
[Round "10"]
[White "Bojovic, Neda"]
[Black "Rakic, Tijana"]
[Result "0-1"]
[WhiteElo "1231"]
[BlackElo "1622"]
[PlyCount "46"]
[EventDate "2019.06.29"]
[EventType "tourn"]
[EventRounds "10"]
[EventCountry "MNE"]
[SourceTitle "EXT 2020"]
[Source "ChessBase"]
[SourceDate "2019.10.17"]
[SourceVersion "1"]
[SourceVersionDate "2019.10.17"]
[SourceQuality "1"]

1. d4 f5 2. c4 Nf6 3. g3 e6 4. Bg2 d5 5. Nf3 Bd6 6. Nc3 c6 7. Qc2 0-0 8. 0-0 Qe8 9. a3 Qh5 10. b4 Nbd7 11. b5 c5 12. cxd5 exd5 13. Bf4 Bxf4 14. gxf4 b6 15. Ne5 Bb7 16. Nxd7 Nxd7 17. Nxd5 Rae8 18. e3 Kh8 19. Kh1 Re6 20. Qa2 Rh6 21. h3 Nf6 22. a4 Ne4 23. Kg1 Nc3 0-1

[Event "MNT-ch U20 Girls"]
[Site "Pljevlja"]
[Date "2019.07.01"]
[Round "5"]
[White "Rakic, Tijana"]
[Black "Bojovic, Neda"]
[Result "1-0"]
[WhiteElo "1622"]
[BlackElo "1231"]
[PlyCount "83"]
[EventDate "2019.06.29"]
[EventType "tourn"]
[EventRounds "10"]
[EventCountry "MNE"]
[SourceTitle "EXT 2020"]
[Source "ChessBase"]
[SourceDate "2019.10.17"]
[SourceVersion "1"]
[SourceVersionDate "2019.10.17"]
[SourceQuality "1"]

1. e4 c5 2. Nf3 Nc6 3. d4 cxd4 4. c3 dxc3 5. Nxc3 g6 6. Bc4 Bg7 7. 0-0 Nf6 8. Qe2 0-0 9. Rd1 Qe8 10. Nb5 Qd8 11. e5 Ng4 12. e6 Nge5 13. exf7+ Kh8 14. Nxe5 Nxe5 15. Bf4 d6 16. Bxe5 Bxe5 17. Nd4 Qa5 18. Nf3 Bf6 19. h3 Qb6 20. Rd2 Bd7 21. Bb3 Bc6 22. Nh2 Bd7 23. Nf1 a5 24. Ne3 Bc6 25. Ng4 Bg5 26. Rc2 h5 27. Nh2 a4 28. Bc4 Bf6 29. Bd3 Kg7 30. g4 h4 31. Qe6 Ra5 32. Re1 Bd5 33. Qe2 Bxf7 34. Nf3 Bxa2 35. Nd2 Bd5 36. Bc4 Rc5 37. Qe3 Qc6 38. g5 Be5 39. Bxd5 Qxd5 40. Rxc5 Qxc5 41. Qxc5 dxc5 42. Rxe5 1-0

[Event "MNT-ch U20 Girls"]
[Site "Pljevlja"]
[Date "2019.06.30"]
[Round "4"]
[White "Bojovic, Neda"]
[Black "Popovic, Mateja"]
[Result "1-0"]
[WhiteElo "1231"]
[BlackElo "1497"]
[PlyCount "57"]
[EventDate "2019.06.29"]
[EventType "tourn"]
[EventRounds "10"]
[EventCountry "MNE"]
[SourceTitle "EXT 2020"]
[Source "ChessBase"]
[SourceDate "2019.10.17"]
[SourceVersion "1"]
[SourceVersionDate "2019.10.17"]
[SourceQuality "1"]

1. d4 d5 2. c4 e6 3. Nc3 Nf6 4. Bg5 Be7 5. e3 a6 6. Nf3 dxc4 7. Bxc4 b5 8. Bb3 Bb7 9. 0-0 Nbd7 10. Rc1 0-0 11. Bc2 c5 12. dxc5 Bxc5 13. Qe2 Rc8 14. Rfd1 Qb6 15. a3 h6 16. Bh4 Rfd8 17. Rd2 Bxf3 18. Qxf3 Ne5 19. Rxd8+ Rxd8 20. Qg3 Neg4 21. Bxf6 Nxf6 22. Rd1 Bd6 23. Qf3 Qc7 24. g3 Nd5 25. Rd3 Bxa3 26. bxa3 Nxc3 27. Rxd8+ Qxd8 28. Qc6 Qd2 29. Qc8+ 1-0

[Event "EU-ch U16 Girls 28th"]
[Site "Riga"]
[Date "2018.08.26"]
[Round "6"]
[White "Vetshtein, Lior"]
[Black "Bojovic, Neda"]
[Result "1-0"]
[WhiteElo "1552"]
[BlackElo "1271"]
[PlyCount "57"]
[EventDate "2018.08.20"]
[EventType "swiss"]
[EventRounds "9"]
[EventCountry "LAT"]
[SourceTitle "CBM 186 Extra"]
[Source "ChessBase"]
[SourceDate "2018.08.24"]
[SourceVersion "1"]
[SourceVersionDate "2018.08.24"]
[SourceQuality "1"]

1. e4 c5 2. Nc3 Nc6 3. g3 g6 4. Bg2 Bg7 5. d3 Nf6 6. Nge2 d6 7. h3 Be6 8. Be3 Bc8 9. Qd2 0-0 10. Bh6 Qb6 11. Bxg7 Kxg7 12. Rb1 Be6 13. 0-0 Qd8 14. f4 Qc8 15. Kh2 Bd7 16. g4 Rb8 17. Ng3 e6 18. f5 Ne5 19. Qf4 Qd8 20. g5 Ne8 21. f6+ Kg8 22. Rh1 Qb6 23. Bf1 Bc6 24. Kg2 Qc7 25. Be2 b6 26. Rh2 Bb7 27. Rbh1 d5 28. Nb5 Qd8 29. Qxe5 1-0

[Event "EU-ch U16 Girls 28th"]
[Site "Riga"]
[Date "2018.08.23"]
[Round "4"]
[White "Tsvetkova, Vladislava"]
[Black "Bojovic, Neda"]
[Result "1-0"]
[WhiteElo "1737"]
[BlackElo "1271"]
[PlyCount "39"]
[EventDate "2018.08.20"]
[EventType "swiss"]
[EventRounds "9"]
[EventCountry "LAT"]
[SourceTitle "CBM 186 Extra"]
[Source "ChessBase"]
[SourceDate "2018.08.24"]
[SourceVersion "1"]
[SourceVersionDate "2018.08.24"]
[SourceQuality "1"]

1. e4 c5 2. Nf3 Nc6 3. d4 cxd4 4. Nxd4 g6 5. Ne2 Bg7 6. Nbc3 Nf6 7. g3 0-0 8. Bg2 d6 9. 0-0 Ne5 10. h3 Bd7 11. f4 Nc6 12. Be3 Qc8 13. g4 Nd8 14. g5 Nh5 15. Nd5 Nc6 16. Nd4 Re8 17. Kh2 Rb8 18. Nb5 Qd8 19. Nxa7 Bxb2 20. Bb6 1-0

[Event "EU-ch U16 Girls 28th"]
[Site "Riga"]
[Date "2018.08.21"]
[Round "2"]
[White "Minko, Olga"]
[Black "Bojovic, Neda"]
[Result "1-0"]
[WhiteElo "1823"]
[BlackElo "1271"]
[PlyCount "59"]
[EventDate "2018.08.20"]
[EventType "swiss"]
[EventRounds "9"]
[EventCountry "LAT"]
[SourceTitle "CBM 186 Extra"]
[Source "ChessBase"]
[SourceDate "2018.08.24"]
[SourceVersion "1"]
[SourceVersionDate "2018.08.24"]
[SourceQuality "1"]

1. e4 c5 2. Nf3 Nc6 3. d4 cxd4 4. Nxd4 g6 5. c4 Bg7 6. Be3 Nf6 7. Nc3 0-0 8. Be2 b6 9. Qd2 Bb7 10. 0-0 Rc8 11. f4 d6 12. Rac1 Qc7 13. h3 Rfd8 14. b3 Qb8 15. Bf3 Rc7 16. Nd5 Kf8 17. f5 Ne5 18. Bh6 Ng8 19. Bxg7+ Kxg7 20. Qg5 Re8 21. fxg6 hxg6 22. Nf5+ Kh8 23. Nh4 Bxd5 24. exd5 Rd7 25. Be4 Kg7 26. Nf5+ Kf8 27. Nd4 Kg7 28. Rxf7+ Kxf7 29. Rf1+ Kg7 30. Ne6+ 1-0

[Event "MNT-ch U20 Girls"]
[Site "Pljevlja"]
[Date "2018.07.02"]
[Round "9"]
[White "Rakic, Tijana"]
[Black "Bojovic, Neda"]
[Result "1-0"]
[WhiteElo "1554"]
[BlackElo "1257"]
[PlyCount "67"]
[EventDate "2018.06.28"]
[EventType "tourn"]
[EventRounds "10"]
[EventCountry "MNE"]
[SourceTitle "EXT 2019"]
[Source "ChessBase"]
[SourceDate "2018.10.10"]
[SourceVersion "1"]
[SourceVersionDate "2018.10.10"]
[SourceQuality "1"]

1. e4 c5 2. Nf3 Nc6 3. d4 cxd4 4. Nxd4 g6 5. Nc3 Bg7 6. Be3 Nf6 7. Bc4 Qa5 8. 0-0 0-0 9. Bb3 Nxd4 10. Bxd4 Qd8 11. e5 Ne8 12. Re1 Nc7 13. f4 e6 14. Qf3 d5 15. Nd1 b6 16. Nf2 Bb7 17. Ng4 Nb5 18. Bf2 Rb8 19. a4 Nc7 20. Qh3 f6 21. exf6 Bxf6 22. Nxf6+ Qxf6 23. g3 Rbe8 24. Re5 Re7 25. Bd4 Qf7 26. a5 Qe8 27. axb6 axb6 28. Bxb6 Na6 29. Qf1 Qc8 30. Qe2 Rf6 31. Bxd5 Bxd5 32. Rxd5 Qc6 33. Rd8+ Kf7 34. Rxa6 1-0

[Event "MNT-ch U20 Girls"]
[Site "Pljevlja"]
[Date "2018.07.01"]
[Round "7"]
[White "Vukanic, Emilija"]
[Black "Bojovic, Neda"]
[Result "0-1"]
[WhiteElo "1436"]
[BlackElo "1257"]
[PlyCount "96"]
[EventDate "2018.06.28"]
[EventType "tourn"]
[EventRounds "10"]
[EventCountry "MNE"]
[SourceTitle "EXT 2019"]
[Source "ChessBase"]
[SourceDate "2018.10.10"]
[SourceVersion "1"]
[SourceVersionDate "2018.10.10"]
[SourceQuality "1"]

1. d4 d5 2. c4 e6 3. Nc3 Nf6 4. Bg5 Nbd7 5. e3 Be7 6. Nf3 dxc4 7. Bxc4 0-0 8. 0-0 b6 9. Rc1 c5 10. Be2 Bb7 11. dxc5 Bxc5 12. Bxf6 Nxf6 13. Qxd8 Rfxd8 14. Rfd1 h6 15. Rxd8+ Rxd8 16. Rd1 Rc8 17. a3 Bxa3 18. bxa3 Rxc3 19. Rd3 Rxd3 20. Bxd3 Bxf3 21. gxf3 Kf8 22. Kf1 Ke7 23. Ke2 Kd6 24. Kd2 Kc5 25. Kc3 Nd5+ 26. Kb3 b5 27. Be4 Nb6 28. Bd3 a5 29. e4 Na8 30. a4 b4 31. Bb5 Nc7 32. Be2 Kd4 33. Bf1 e5 34. Bc4 f6 35. Be2 Ne6 36. Kc2 Nc5 37. Bb5 g6 38. h3 f5 39. exf5 gxf5 40. h4 e4 41. fxe4 Kxe4 42. Bc6+ Kf4 43. f3 Ke3 44. Kb1 Ne6 45. Bd7 Nd4 46. h5 f4 47. Bg4 Nxf3 48. Bxf3 Kxf3 0-1

[Event "MNT-ch U20 Girls"]
[Site "Pljevlja"]
[Date "2018.06.30"]
[Round "5"]
[White "Koljevic, Nikolina"]
[Black "Bojovic, Neda"]
[Result "1-0"]
[WhiteElo "1832"]
[BlackElo "1257"]
[PlyCount "81"]
[EventDate "2018.06.28"]
[EventType "tourn"]
[EventRounds "10"]
[EventCountry "MNE"]
[SourceTitle "EXT 2019"]
[Source "ChessBase"]
[SourceDate "2018.10.10"]
[SourceVersion "1"]
[SourceVersionDate "2018.10.10"]
[SourceQuality "1"]

1. e4 c5 2. Nf3 Nc6 3. Bb5 g6 4. 0-0 Bg7 5. Re1 Nf6 6. e5 Ng4 7. Bxc6 dxc6 8. d3 0-0 9. Nc3 Be6 10. Bf4 Nh6 11. Ng5 Qd7 12. Nxe6 Qxe6 13. Ne4 b6 14. Qd2 Nf5 15. Ng5 Qd5 16. c4 Qd4 17. Re4 Qd8 18. e6 f6 19. Nf7 Qc8 20. Nh6+ Nxh6 21. Bxh6 Qe8 22. Bxg7 Kxg7 23. h4 Rd8 24. Qe3 Rd6 25. g4 Qd8 26. Rd1 Rd4 27. Rxd4 Qxd4 28. Qxd4 cxd4 29. b4 Rb8 30. Rb1 f5 31. g5 h6 32. Kg2 hxg5 33. hxg5 Kf8 34. Kf3 Ke8 35. Rh1 Kd8 36. Rh7 b5 37. Rh8+ Kc7 38. Rxb8 Kxb8 39. c5 Kc7 40. Kf4 Kc8 41. Ke5 1-0

[Event "MNT-ch U20 Girls"]
[Site "Pljevlja"]
[Date "2018.06.28"]
[Round "2"]
[White "Bojovic, Neda"]
[Black "Vukanic, Emilija"]
[Result "0-1"]
[WhiteElo "1257"]
[BlackElo "1436"]
[PlyCount "78"]
[EventDate "2018.06.28"]
[EventType "tourn"]
[EventRounds "10"]
[EventCountry "MNE"]
[SourceTitle "EXT 2019"]
[Source "ChessBase"]
[SourceDate "2018.10.10"]
[SourceVersion "1"]
[SourceVersionDate "2018.10.10"]
[SourceQuality "1"]

1. d4 Nf6 2. c4 e6 3. Nc3 Bb4 4. Qc2 0-0 5. Nf3 b6 6. Bg5 Bb7 7. e3 h6 8. Bh4 d6 9. a3 Bxc3+ 10. Qxc3 Nbd7 11. Rc1 c5 12. Be2 Ne4 13. Qd3 Ndf6 14. dxc5 Nxc5 15. Qd1 Rc8 16. 0-0 d5 17. Nd4 Qd7 18. cxd5 Bxd5 19. Bf3 Bxf3 20. Qxf3 Qd5 21. Qg3 Nce4 22. Qf3 Nd2 23. Qxd5 Nxd5 24. Rfd1 Ne4 25. h3 g5 26. Bg3 Nxg3 27. fxg3 Nxe3 28. Re1 Rxc1 29. Rxc1 Rd8 30. Ne2 Rd2 31. Kf2 Nf5 32. b4 Nd4 33. Re1 Rxe2+ 34. Rxe2 Nxe2 35. Kxe2 Kg7 36. Ke3 Kf6 37. Ke4 Ke7 38. g4 Kd6 39. g3 e5 0-1

[Event "EU-ch U14 Girls 27th"]
[Site "Mamaia"]
[Date "2017.09.14"]
[Round "9"]
[White "Bojovic, Neda"]
[Black "Marin, Alexia Iuliana"]
[Result "1/2-1/2"]
[WhiteElo "1224"]
[BlackElo "1294"]
[PlyCount "31"]
[EventDate "2017.09.05"]
[EventType "swiss"]
[EventRounds "9"]
[EventCountry "ROU"]
[SourceTitle "EXT 2018"]
[Source "ChessBase"]
[SourceDate "2017.10.13"]
[SourceVersion "1"]
[SourceVersionDate "2017.10.13"]
[SourceQuality "1"]

1. d4 d5 2. c4 e6 3. Nc3 Nf6 4. Nf3 c6 5. Bf4 Bd6 6. Bg5 Nbd7 7. e3 0-0 8. Rc1 h6 9. Bh4 Re8 10. cxd5 exd5 11. Bd3 Qc7 12. h3 Ne4 13. a3 Ndf6 14. Nb5 Qd7 15. Nxd6 Qxd6 16. Bxf6 1/2-1/2

[Event "EU-ch U14 Girls 27th"]
[Site "Mamaia"]
[Date "2017.09.08"]
[Round "4"]
[White "Bojovic, Neda"]
[Black "Lupascu, Diana Elena"]
[Result "0-1"]
[WhiteElo "1224"]
[BlackElo "1674"]
[PlyCount "93"]
[EventDate "2017.09.05"]
[EventType "swiss"]
[EventRounds "9"]
[EventCountry "ROU"]
[SourceTitle "CBM 180 Extra"]
[Source "ChessBase"]
[SourceDate "2017.10.06"]
[SourceVersion "1"]
[SourceVersionDate "2017.10.06"]
[SourceQuality "1"]

1. d4 Nf6 2. c4 e6 3. Nc3 c5 4. Nf3 cxd4 5. Nxd4 a6 6. Bf4 Qb6 7. Qd2 Bb4 8. e3 d5 9. Qc2 Nc6 10. Nf3 0-0 11. Nd2 Rd8 12. Bd3 e5 13. Bg5 d4 14. Nd5 Nxd5 15. Bxd8 Bxd2+ 16. Qxd2 dxe3 17. fxe3 Qxd8 18. cxd5 Ne7 19. Bc4 Qd6 20. h3 b5 21. Bb3 Bb7 22. Rd1 Rd8 23. e4 f5 24. exf5 Nxf5 25. 0-0 Nd4 26. Qf2 Bxd5 27. Bxd5+ Qxd5 28. a3 Qb7 29. Rd3 Qa7 30. Rg3 Ne2+ 31. Kh2 Qxf2 32. Rxf2 Nxg3 33. Kxg3 Rd3+ 34. Rf3 Rxf3+ 35. Kxf3 Kf7 36. Ke4 Ke6 37. b4 h6 38. g4 g5 39. Kd3 Kd5 40. Ke3 e4 41. Ke2 Kd4 42. Kd2 e3+ 43. Ke2 Ke4 44. Ke1 Kd3 45. Kd1 e2+ 46. Ke1 Ke3 47. h4 0-1